<The> Student's Guide to Entrepreneurship
Salvato in:
| Autore principale: | |
|---|---|
| Natura: | Libro |
| Lingua: | inglese |
| Pubblicazione: |
Los Angeles
Millington House Publishing
2015
|
| Soggetti: | |
| Tags: |
Nessun Tag, puoi essere il primo ad aggiungerne!!
|
MARC
| LEADER | 00000nam a2200000 4500 | ||
|---|---|---|---|
| 001 | 0246897 | ||
| 005 | 20240313133534.5 | ||
| 020 | |a 9781941616260 | ||
| 020 | |a 978-1941616260 | ||
| 041 | 0 | |a eng | |
| 044 | |a US | ||
| 245 | 1 | 0 | |a <The> Student's Guide to Entrepreneurship |c Marc Steren |
| 264 | 1 | |a Los Angeles |b Millington House Publishing |c 2015 | |
| 300 | |a 146 s. | ||
| 610 | 2 | 0 | |a študenti |
| 610 | 2 | 0 | |a vzdelávanie |
| 610 | 2 | 0 | |a podnikanie |
| 610 | 2 | 0 | |a psychológia |
| 610 | 2 | 0 | |a myslenie ekonomické |
| 610 | 2 | 0 | |a modely |
| 610 | 2 | 0 | |a procesy podnikové |
| 610 | 2 | 0 | |a zákazníci |
| 610 | 2 | 0 | |a etika |
| 610 | 2 | 0 | |a analýzy |
| 610 | 2 | 0 | |a vodcovstvo |
| 610 | 2 | 0 | |a stratégia podniková |
| 100 | 1 | |a Steren, Marc | |